Cách chọn gà đá

সংরক্ষণ করুন:
গ্রন্থ-পঞ্জীর বিবরন
প্রধান লেখক: Vũ, Hồng Anh
বিন্যাস: গ্রন্থ
ভাষা:Undetermined
প্রকাশিত: Thành phố Hồ Chí Minh Nhà xuất bản Hồ Chí Minh 2004
বিষয়গুলি:
ট্যাগগুলো: ট্যাগ যুক্ত করুন
কোনো ট্যাগ নেই, প্রথমজন হিসাবে ট্যাগ করুন!
Thư viện lưu trữ: Trung tâm Học liệu Trường Đại học Cần Thơ
LEADER 00577nam a2200205Ia 4500
001 CTU_92962
008 210402s9999 xx 000 0 und d
020 |c 14000 
082 |a 636.51 
082 |b A107 
100 |a Vũ, Hồng Anh 
245 0 |a Cách chọn gà đá 
245 0 |c Vũ Hồng Anh 
260 |a Thành phố Hồ Chí Minh 
260 |b Nhà xuất bản Hồ Chí Minh 
260 |c 2004 
650 |a Game fowl,Poultry 
650 |x Breeding 
904 |i Mai Loan, QHieu 
980 |a Trung tâm Học liệu Trường Đại học Cần Thơ